000 00553nam a22001817a 4500
999 _c816
_d816
003 AR-CdUCM
008 190225b ||||| |||| 00| 0 eng d
040 _aMUNICIPALIDAD PROVINCIAL DEL CUSCO
_cBIBLIOTECA MUNICIPAL DEL CUSCO
082 _a869.56 /
_bU58
100 _aUreta, Alberto
_93091
245 _aAntologia Poetica /
260 _aBuenos Aires, Argentina :
_bLosada, S.A.
_c1946.
300 _a150 paginas :
_c21 cm.
650 _aAntologia Poetica.
_93092
650 _aPoesia Narrativa.
_92966
942 _2ddc
_cLIBROS
945 _artm
_d2019-02-25